|
|
|
|
| LEADER |
00839nam a2200241 a 4500 |
| 001 |
GR-MES1400 |
| 008 |
991111s1990 nyu 000 b eng d |
| 020 |
|
|
|a 0745001467
|
| 040 |
|
|
|a GrPaTEI
|b gre
|c GR-PaULI
|
| 245 |
0 |
0 |
|a Inflation in modern economies.
|
| 260 |
|
|
|a New York :
|b Harvester,
|c 1990
|
| 300 |
|
|
|a 144σ.
|
| 500 |
|
|
|a bibliography:p(138-142),includes index
|
| 650 |
|
4 |
|a Επιχειρήσεις
|
| 650 |
|
4 |
|a Οικονομία
|
| 650 |
|
4 |
|a Συνάλλαγμα
|
| 700 |
1 |
|
|a McKenna, Chtis
|
| 700 |
1 |
|
|a McNabb, Robert
|
| 710 |
0 |
|
|a Harvester
|
| 942 |
|
|
|2 ddc
|
| 952 |
|
|
|0 0
|1 0
|2 ddc
|4 0
|6 332_410000000000000_MCN
|7 0
|9 265561
|a MSLG
|b MSLG
|c BSC
|d 2021-01-17
|e 24
|f 0
|g 0.00
|l 0
|o 332.41 MCN
|p 2420000002759
|r 2021-01-17 00:00:00
|t 1
|w 2021-01-17
|y BK15
|x 19991111 0 1
|x GrPaTEI
|
| 971 |
|
|
|a .b25724423
|b 15-04-20
|c 13-09-16
|
| 999 |
|
|
|c 152653
|d 152653
|